000 00475nam a2200193Ia 4500
008 101110s9999 xx 000 0 und d
041 _aMARATHI
082 _bSR13176
100 _aMahajan S.D., Karandikar S.R.
245 _aBanking : Tatve Ani Vyavhar
365 _b15
520 _aCommerce
546 _aMARATHI
630 _aBanking : Tatve Ani Vyavhar
650 _aCommerce
655 _aCommerce
730 _aBanking : Tatve Ani Vyavhar
942 _cBOOK
999 _c807441
_d807438